Terciálne vzdelávanie na Slovensku v globálnom prostredí

Budúcnosť SR vedie cestou maximálneho zvýšenia vzdelanosti jej obyvateľstva. Vysoké školy sú významným strediskom vedecko-technického rozvoja regiónov a integrujú vedu a výskum regiónov najmä v oblasti aplikovaného výskumu. Kvalita a rozvoj terciálneho vzdelávania v globálnom prostredí priamo závisí...

Descrizione completa

Salvato in:
Dettagli Bibliografici
Autore principale: Macúchová Gabrišová, Katarína
Natura: Capitolo di libro
Lingua:slovacco
Soggetti:
Tags: Aggiungi Tag
Nessun Tag, puoi essere il primo ad aggiungerne!!

MARC

LEADER 00000nla$a2200000$$$4500
001 0079048
005 20220801090229.9
041 0 |a slo 
044 |a CZ 
245 1 0 |a Terciálne vzdelávanie na Slovensku v globálnom prostredí  |c Katarína Macúchová Gabrišová 
520 |a Budúcnosť SR vedie cestou maximálneho zvýšenia vzdelanosti jej obyvateľstva. Vysoké školy sú významným strediskom vedecko-technického rozvoja regiónov a integrujú vedu a výskum regiónov najmä v oblasti aplikovaného výskumu. Kvalita a rozvoj terciálneho vzdelávania v globálnom prostredí priamo závisí od schopnosti vysokých škôl udržať si v čo najväčšej miere svoju nezávislosť a racionálne uvažovanie 
610 2 0 |a školy vysoké 
610 2 0 |a vzdelávanie terciárne 
610 2 0 |a veda 
610 2 0 |a výskum aplikovaný 
610 2 0 |a Slovensko 
610 2 0 |a globalizácia 
100 1 |a Macúchová Gabrišová, Katarína